'Joey' From Friends Trivia - Statistics

General Stats
  • This quiz has been taken 20 times
  • The average score is 8 of 9
Answer Stats
Hint Answer % Correct
How many sisters does Joey have? 7
100%
What is Joey's job? Actor
100%
FINISH THE SENTENCE: How you ____ ? Doin
95%
TRUE OR FALSE? Joey is addicted to beer. False
95%
What is Joey's last name? Tribbiani
95%
What is Joey's agent's name? Estelle
90%
What is the actor of Joey's last name? LeBlanc
90%
What bone does Joey break in real life but was made into the script as well? Arm
70%
What job does Joey have when he is broke? Waiter
70%
No matching quizzes found
Score Distribution
Percent of People with Each Score
Percentile by Number Answered
Your Score History
You have not taken this quiz